000 00477nam a2200169 i 4500
001 61073
003 ES-MaACL
005 20230906164348.0
007 t|
008 031110s1927 po ||||1| por d
100 1 _aEstanco Louro, M. F. do.
_948007
245 1 3 _aOs lusiadas e o povo português /
_cM.F. do Estanco Louro.
260 _aLisboa :
_bEdiçao do autor,
_c1927.
300 _av. ;
_c23 cm.
505 8 _aContiene: I: No vocabulario
852 _aES-MaACL
_j1719-F-17
999 _c61073
_d61073